000 01089nam a2200253 a 4500
001 79538
003 BD-RjUL
005 20220310123816.0
008 220310s2013 bg ||||| |||| 00| 0 ben d
020 _a9789844043206
_c: Tk.400.00
035 _a(BD-RjUL)79538
040 _aBD-RjUL
_beng
_cBD-RjUL
041 _aben
082 _223
_a954.92051
_bHOC 2013
100 _aহক, মোঃ এনামুল
_91784
245 _aচাঁপাইনবাবগঞ্জে মুক্তিযুদ্ধ /
_cমোঃ এনামুল হক
260 _aঢাকা :
_bঅনুপম প্রকাশনী,
_c২০১৩
300 _a৩১৯ পৃ.:
_bচিত্রসমূহ;
_c২২ সেমি.
650 _aবাংলাদেশ
_xইতিহাস
_yবিপ্লব,১৯৭১
_91223
650 _aBangladesh
_xHistory
_yRevolution, 1971
650 _aচাঁপাইনবাবগঞ্জ
_xইতিহাস
_yবিপ্লব, ১৯৭১
_91807
650 _aChapainawabganj
_xHistory
_yRevolution, 1971
_91808
942 _2ddc
_cBK
999 _c79538
_d79538